| 000 | 01250cam a2200337 a 4500 | ||
|---|---|---|---|
| 999 |
_c3710 _d3710 |
||
| 001 | 1174975 | ||
| 003 | GZU | ||
| 005 | 20201209093348.0 | ||
| 008 | 961017s1996 enka b 000 0 eng d | ||
| 010 | _a 96210705 | ||
| 015 | _aGB96-71510 | ||
| 020 | _a1853393193 (pbk.) | ||
| 035 | _a(Uk)1853393193 | ||
| 035 | _a(CStRLIN)UKBPGB9671510-B | ||
| 040 |
_aUk _cUk _dDLC |
||
| 042 | _alccopycat | ||
| 043 | _ad------ | ||
| 050 | 0 | 0 |
_aHQ1240 _bCRE 1996 |
| 100 | 1 | _aCreevey, Lucy E. | |
| 245 | 1 | 0 |
_aChanging women's lives and work : _ban analysis of the impacts of eight microenterprise projects / _cLucy E. Creevey. |
| 260 |
_aLondon : _bIT Publications, _c1996. |
||
| 300 |
_axi, 228 p. : _bill. ; _c23 cm. |
||
| 504 | _aBibliography: p. 222-228. | ||
| 650 | 0 |
_aWomen in economic development _xCase studies. |
|
| 650 | 0 |
_aWomen _xEmployment _zDeveloping countries _xCase studies. |
|
| 650 | 0 |
_aSmall business _zDeveloping countries _xEmployees _xCase studies. |
|
| 650 | 0 |
_aEconomic development projects _xCase studies. |
|
| 906 |
_a7 _bcbc _ccopycat _d3 _encip _f19 _gy-gencatlg |
||
| 942 |
_2lcc _cBK _h1240 _iCRE _kHQ |
||